[Event "Hessenliga 1617"]
[Site "Hessen"]
[Date "2017.04.23"]
[Round "9.2"]
[White "Meyer, Stefan"]
[Black "Kaulfuss, Helmut"]
[Result "0-1"]
[WhiteElo "2126"]
[BlackElo "2114"]
[PlyCount "126"]
[EventDate "2016.09.18"]
[EventType "team-tourn"]
[EventRounds "9"]
[EventCountry "GER"]
[SourceTitle "EXT 2018"]
[Source "ChessBase"]
[SourceDate "2017.10.13"]
[SourceVersion "1"]
[SourceVersionDate "2017.10.13"]
[SourceQuality "1"]
[WhiteTeam "Dotzheim"]
[BlackTeam "Hofheim II"]
[WhiteTeamCountry "GER"]
[BlackTeamCountry "GER"]

1. d4 Nc6 2. e3 e5 3. Nf3 exd4 4. exd4 d5 5. Bb5 Bd7 6. 0-0 Bd6 7. Re1+ Nce7 8. Bd3 Bg4 9. c4 dxc4 10. Bxc4 Nf6 11. Bg5 0-0 12. Qb3 Nc6 13. Nbd2 Na5 14. Qc3 Nxc4 15. Nxc4 h6 16. Nxd6 hxg5 17. Nxb7 Qd5 18. Nc5 Bxf3 19. Re5 Qd6 20. Qxf3 Qxd4 21. Qc3 Qxc3 22. bxc3 g4 23. Kf1 Rfd8 24. Nb3 Rd5 25. Rae1 Kf8 26. c4 Rd6 27. Rc5 c6 28. Ra5 g6 29. c5 Rd7 30. Ra6 Rc8 31. Na5 Rdc7 32. Rd1 Nd7 33. Nb3 Ke7 34. Ra4 Nf6 35. Rf4 Nd5 36. Rxg4 Kf6 37. Rd3 Re8 38. Rf3+ Kg7 39. Nd4 Re5 40. Rf5 Re8 41. Rf3 Re5 42. Nf5+ Kg8 43. Nd6 Rce7 44. g3 Nc7 45. Rc4 Ne6 46. Re3 Rd5 47. Ne4 Kf8 48. h4 Rb7 49. Rb3 Rb5 50. Rbc3 Kg7 51. Ra3 a5 52. Rb3 Rxb3 53. axb3 f5 54. Ng5 Nxg5 55. hxg5 Kf7 56. Ke2 Ke6 57. Ke3 Re5+ 58. Kd3 Kd5 59. Kc3 Re4 60. Rxe4 fxe4 61. b4 axb4+ 62. Kxb4 Kd4 63. g4 Kd5 0-1

[Event "Hessenliga 1617"]
[Site "Hessen"]
[Date "2016.12.11"]
[Round "4.2"]
[White "Meyer, Stefan"]
[Black "Mueller, Maximilian"]
[Result "0-1"]
[WhiteElo "2126"]
[BlackElo "2281"]
[PlyCount "118"]
[EventDate "2016.09.18"]
[EventType "team-tourn"]
[EventRounds "9"]
[EventCountry "GER"]
[SourceTitle "EXT 2018"]
[Source "ChessBase"]
[SourceDate "2017.10.13"]
[SourceVersion "1"]
[SourceVersionDate "2017.10.13"]
[SourceQuality "1"]
[WhiteTeam "Dotzheim"]
[BlackTeam "Gernsheim"]
[WhiteTeamCountry "GER"]
[BlackTeamCountry "GER"]

1. Nf3 Nf6 2. g3 b5 3. Bg2 Bb7 4. 0-0 e6 5. d3 d6 6. e4 Nbd7 7. Nbd2 Be7 8. a4 b4 9. Nc4 c5 10. Re1 0-0 11. Bf4 Ne8 12. h4 Rc8 13. e5 dxe5 14. Nfxe5 Bxg2 15. Kxg2 Ndf6 16. Qf3 Nd5 17. Bd2 Nd6 18. Nxd6 Qxd6 19. Nc4 Qc6 20. a5 Nf6 21. Qxc6 Rxc6 22. Kf3 Rd8 23. Ke2 Nd5 24. Rh1 Rb8 25. Bg5 f6 26. Bd2 Bd8 27. c3 Kf7 28. Rhc1 Ke8 29. Kd1 Kd7 30. Ra4 Rb5 31. cxb4 cxb4 32. a6 Be7 33. Ne3 Rxc1+ 34. Bxc1 Nb6 35. Ra1 f5 36. Nc4 Bc5 37. Ke2 Nd5 38. Bd2 Bd4 39. Ra4 Kc6 40. Na5+ Kb6 41. Nc4+ Kc5 42. Be3 Bxe3 43. fxe3 Nb6 44. Nxb6 Rxb6 45. Ra5+ Rb5 46. d4+ Kc6 47. Ra4 Rb8 48. Kd3 Kb5 49. Ra1 Rc8 50. e4 fxe4+ 51. Kxe4 Rc2 52. Ke5 Rxb2 53. Kxe6 Re2+ 54. Kd6 b3 55. d5 b2 56. Rb1 Kxa6 57. Kc7 Rc2+ 58. Kb8 Kb6 59. d6 Kc6 0-1

[Event "Hessenliga 1516"]
[Site "Germany"]
[Date "2016.04.24"]
[Round "9.3"]
[White "Driftmann, Christoph"]
[Black "Meyer, Stefan"]
[Result "1/2-1/2"]
[WhiteElo "2131"]
[BlackElo "2119"]
[PlyCount "72"]
[EventDate "2015.09.27"]
[EventType "team-tourn"]
[EventRounds "9"]
[EventCountry "GER"]
[SourceTitle "EXT 2018"]
[Source "ChessBase"]
[SourceDate "2017.10.13"]
[SourceVersion "1"]
[SourceVersionDate "2017.10.13"]
[SourceQuality "1"]
[WhiteTeam "Giessen II"]
[BlackTeam "Dotzheim"]
[WhiteTeamCountry "GER"]
[BlackTeamCountry "GER"]

1. d4 e6 2. c4 f5 3. g3 Nf6 4. Bg2 Be7 5. Nf3 0-0 6. 0-0 Ne4 7. Qc2 Bf6 8. b3 Nc6 9. Bb2 d6 10. Nbd2 Nxd2 11. Qxd2 e5 12. dxe5 dxe5 13. Rad1 Qxd2 14. Rxd2 Be6 15. Rfd1 a5 16. Ne1 Bg5 17. Bd5 Bxd5 18. Rxd5 Rfd8 19. Nf3 Nb4 20. Rxd8+ Rxd8 21. Rxd8+ Bxd8 22. a3 Nc2 23. Nxe5 Be7 24. a4 Ba3 25. Bxa3 Nxa3 26. e3 Nb1 27. Nf3 Nc3 28. Nd2 Kf7 29. Kg2 Ke6 30. Kf3 Ke5 31. h3 h5 32. Kg2 Ne4 33. f4+ Kd6 34. Nxe4+ fxe4 35. g4 h4 36. Kf2 c5 1/2-1/2

[Event "GER HS-190 email"]
[Site "GER email"]
[Date "2015.08.24"]
[Round "?"]
[White "Buhlmann, Werner"]
[Black "Meyer, Stefan"]
[Result "1/2-1/2"]
[WhiteElo "1934"]
[BlackElo "1773"]
[PlyCount "56"]
[EventDate "2015.09.01"]
[EventType "tourn (corr)"]
[EventRounds "6"]
[EventCountry "GER"]
[SourceTitle "Corr 2020"]
[Source "ChessBase"]
[SourceDate "2019.09.30"]
[SourceVersion "1"]
[SourceVersionDate "2019.09.30"]
[SourceQuality "1"]

1. e4 c5 2. Nf3 Nc6 3. d4 cxd4 4. Nxd4 g6 5. c4 Bg7 6. Be3 Nf6 7. Nc3 Ng4 8. Qxg4 Nxd4 9. Qd1 Nc6 10. Rc1 0-0 11. Be2 d6 12. 0-0 Qa5 13. Qd2 Be6 14. f4 Rac8 15. Rfd1 Rfd8 16. b3 Qb4 17. g4 Bd7 18. Nd5 Qxd2 19. Rxd2 b6 20. Kg2 Re8 21. Bf3 Nb8 22. g5 Na6 23. Rcd1 Nc5 24. h4 Bc6 25. h5 Bb7 26. h6 Bh8 27. Kg3 Kf8 28. Bf2 Red8 1/2-1/2

[Event "GER HS-190 email"]
[Site "GER email"]
[Date "2015.08.24"]
[Round "?"]
[White "Semmler, Josef"]
[Black "Meyer, Stefan"]
[Result "1/2-1/2"]
[WhiteElo "1921"]
[BlackElo "1773"]
[PlyCount "74"]
[EventDate "2015.09.01"]
[EventType "tourn (corr)"]
[EventRounds "6"]
[EventCountry "GER"]
[SourceTitle "Corr 2020"]
[Source "ChessBase"]
[SourceDate "2019.09.30"]
[SourceVersion "1"]
[SourceVersionDate "2019.09.30"]
[SourceQuality "1"]

1. e4 c5 2. Nf3 Nc6 3. d4 cxd4 4. Nxd4 g6 5. Nc3 Bg7 6. Be3 Nf6 7. Bc4 Qa5 8. 0-0 0-0 9. Bb3 d6 10. h3 Bd7 11. f4 Rac8 12. Nf3 Nh5 13. Qe1 Bxc3 14. bxc3 Nf6 15. Bf2 Nh5 16. Qe3 Nd8 17. c4 Ng7 18. g4 Be6 19. Nd2 f6 20. f5 Bf7 21. Rad1 b6 22. Rfe1 Nc6 23. Nf3 Qa6 24. g5 Bxc4 25. gxf6 Rxf6 26. Bh4 Rf7 27. Qh6 Ne6 28. Rd2 Nf8 29. Rg2 Qb5 30. Kh1 Ne5 31. Ng5 Rg7 32. Reg1 a5 33. Bg3 Nf7 34. Nxf7 Bxf7 35. fxg6 Nxg6 36. Bxf7+ Kxf7 37. h4 Nf8 1/2-1/2

[Event "GER HS-190 email"]
[Site "GER email"]
[Date "2015.08.24"]
[Round "?"]
[White "Wittenberg, Gerd"]
[Black "Meyer, Stefan"]
[Result "1/2-1/2"]
[WhiteElo "1941"]
[BlackElo "1773"]
[PlyCount "104"]
[EventDate "2015.09.01"]
[EventType "tourn (corr)"]
[EventRounds "6"]
[EventCountry "GER"]
[SourceTitle "Corr 2020"]
[Source "ChessBase"]
[SourceDate "2019.09.30"]
[SourceVersion "1"]
[SourceVersionDate "2019.09.30"]
[SourceQuality "1"]

1. e4 c5 2. Nf3 Nc6 3. d4 cxd4 4. Nxd4 g6 5. Nc3 Bg7 6. Be3 Nf6 7. Nxc6 bxc6 8. e5 Ng8 9. f4 Nh6 10. Qd2 d6 11. 0-0-0 0-0 12. Bc4 Nf5 13. Bf2 h5 14. Rhe1 Qc7 15. Kb1 dxe5 16. fxe5 Bxe5 17. h3 h4 18. Na4 Bf6 19. Nc5 a5 20. Bb3 Kg7 21. Bg1 Re8 22. Ne4 Ba6 23. Qd7 Qxd7 24. Rxd7 Be5 25. Rdd1 Rh8 26. c3 Rhd8 27. g4 Rxd1+ 28. Bxd1 Nd6 29. Nc5 Bg3 30. Rxe7 Bf1 31. Bd4+ Kh6 32. Ne6 Bd3+ 33. Bc2 Bxc2+ 34. Kxc2 fxe6 35. Be3+ g5 36. Rxe6+ Kh7 37. Bxg5 Nf7 38. Bf6 c5 39. a4 Rg8 40. Re7 Kg6 41. Re6 Kh7 42. Re7 Kg6 43. Re6 Ng5 44. Ra6 c4 45. Rc6 Kf7 46. Bxg5 Rxg5 47. Rxc4 Re5 48. Rd4 Re1 49. Rd1 Re2+ 50. Rd2 Re4 51. Rd4 Re5 52. b3 Kf6 1/2-1/2

[Event "Cologne Longerich op-A 12th"]
[Site "Cologne"]
[Date "2015.08.02"]
[Round "2"]
[White "Meyer, Stefan"]
[Black "Runte, Dirk"]
[Result "1-0"]
[WhiteElo "1782"]
[BlackElo "1721"]
[PlyCount "83"]
[EventDate "2015.07.31"]
[EventType "tourn"]
[EventRounds "5"]
[EventCountry "GER"]
[SourceTitle "EXT 2017"]
[Source "ChessBase"]
[SourceDate "2016.10.25"]
[SourceVersion "1"]
[SourceVersionDate "2016.10.25"]
[SourceQuality "1"]

1. d4 Nf6 2. c4 g6 3. Nc3 Bg7 4. e4 d6 5. f4 c5 6. d5 0-0 7. Nf3 e6 8. Be2 exd5 9. cxd5 Re8 10. Nd2 Nbd7 11. 0-0 a6 12. a4 c4 13. Bxc4 Nc5 14. e5 Bg4 15. Nf3 dxe5 16. fxe5 Rxe5 17. Qd4 Bxf3 18. Qxe5 Nxd5 19. Qg3 Nxc3 20. Qxf3 Qd4+ 21. Be3 Qxc4 22. Bxc5 Qxc5+ 23. Kh1 Qd5 24. bxc3 Qxf3 25. Rxf3 Rc8 26. Rd3 b5 27. axb5 axb5 28. Rb1 Bxc3 29. Rxb5 Bd2 30. Kg1 Bf4 31. g3 Rc1+ 32. Kg2 Rc2+ 33. Kf3 Bh6 34. h4 Rc6 35. Rb7 Kg7 36. Rd8 g5 37. h5 Rc3+ 38. Kg4 Rc4+ 39. Kf5 Rc5+ 40. Ke4 Rc1 41. Rbb8 Rg1 42. Rg8+ 1-0

[Event "Cologne Longerich op-A 12th"]
[Site "Cologne"]
[Date "2015.07.31"]
[Round "1"]
[White "Andrijenko, Anatoliy"]
[Black "Meyer, Stefan"]
[Result "1-0"]
[WhiteElo "1902"]
[BlackElo "1782"]
[PlyCount "152"]
[EventDate "2015.07.31"]
[EventType "tourn"]
[EventRounds "5"]
[EventCountry "GER"]
[SourceTitle "EXT 2017"]
[Source "ChessBase"]
[SourceDate "2016.10.25"]
[SourceVersion "1"]
[SourceVersionDate "2016.10.25"]
[SourceQuality "1"]

1. e4 Nf6 2. Nc3 e5 3. Bc4 Nc6 4. d3 Bc5 5. Bg5 Ne7 6. Na4 Bb4+ 7. c3 Bd6 8. b4 Ng6 9. Ne2 h6 10. Be3 a6 11. Bb3 Be7 12. h3 d5 13. Ng3 d4 14. Bd2 dxc3 15. Bxc3 Nf4 16. 0-0 Bd6 17. Nb2 b5 18. a3 Be6 19. Rc1 0-0 20. Bxe6 Nxe6 21. Nf5 Nd7 22. Bd2 Rc8 23. Qg4 Nf6 24. Nxh6+ Kh7 25. Qh4 gxh6 26. Bxh6 Kg6 27. Be3 Nf4 28. Qg3+ Kh7 29. Qh4+ Kg6 30. Qg3+ Kh7 31. Qf3 Rg8 32. g3 Ne6 33. Qf5+ Rg6 34. h4 Ng7 35. Qh3 Qd7 36. Qxd7 Nxd7 37. d4 exd4 38. Bxd4 Be5 39. Rfd1 Ne6 40. Bxe5 Nxe5 41. Rc3 Rgg8 42. Rd5 f6 43. Kf1 Rgd8 44. f4 Ng4 45. Rxd8 Nxd8 46. Nd3 Ne3+ 47. Ke2 Nc4 48. Nc5 Ra8 49. g4 a5 50. g5 axb4 51. axb4 fxg5 52. hxg5 Kg6 53. Rd3 Ra2+ 54. Kf3 Ra3 55. Rxa3 Nxa3 56. Kg4 Kf7 57. f5 Nc6 58. g6+ Kg7 59. Kg5 Ne5 60. Ne6+ Kg8 61. f6 Nac4 62. Nxc7 Nd6 63. f7+ Ndxf7+ 64. gxf7+ Kxf7 65. Kf4 Nc4 66. Nxb5 Nb2 67. Ke3 Ke6 68. Kd4 Na4 69. Nc3 Nb6 70. Kc5 Nd7+ 71. Kc6 Ne5+ 72. Kc7 Nc4 73. b5 Nd6 74. b6 Ne8+ 75. Kc8 Nd6+ 76. Kb8 Kd7 1-0

[Event "GER Liga Q Server-30 email"]
[Site "GER email"]
[Date "2015.03.10"]
[Round "?"]
[White "Wittlieb, Friedhelm"]
[Black "Meyer, Stefan"]
[Result "0-1"]
[WhiteElo "1273"]
[BlackElo "1773"]
[PlyCount "78"]
[EventDate "2015.03.23"]
[EventType "tourn (corr)"]
[EventRounds "6"]
[EventCountry "GER"]
[SourceTitle "Corr 2020"]
[Source "ChessBase"]
[SourceDate "2019.09.30"]
[SourceVersion "1"]
[SourceVersionDate "2019.09.30"]
[SourceQuality "1"]

1. e4 e5 2. Nf3 Nf6 3. Nxe5 d6 4. Nf3 Nxe4 5. Nc3 Nxc3 6. dxc3 Be7 7. Bb5+ Nd7 8. c4 c6 9. Ba4 Nc5 10. b3 Bf6 11. Rb1 Qe7+ 12. Qe2 Qxe2+ 13. Kxe2 Bf5 14. Re1 0-0 15. Kf1 Bxc2 16. Rb2 Bxb2 17. Bxb2 Bd3+ 18. Kg1 Rfe8 19. b4 Nxa4 20. Bc1 Bxc4 21. Bf4 d5 22. Re5 f6 23. Re3 Rad8 24. Nd4 Rxe3 25. fxe3 Re8 26. Nf5 Nc3 27. a3 Ne2+ 28. Kf2 Nxf4 29. exf4 Re4 30. Nd6 Rxf4+ 31. Ke3 Rf1 32. Kd4 Ba6 33. Nf5 Rxf5 34. Kc5 Kf8 35. Kd6 d4 36. Kc7 d3 37. Kd6 d2 38. Ke6 Rd5 39. h3 d1Q 0-1

[Event "Hessenliga 1415"]
[Site "Hessen"]
[Date "2015.01.25"]
[Round "5.2"]
[White "Chandler, Patrick"]
[Black "Meyer, Stefan"]
[Result "0-1"]
[WhiteElo "2161"]
[BlackElo "2093"]
[PlyCount "76"]
[EventDate "2014.09.28"]
[EventType "team-tourn"]
[EventRounds "9"]
[EventCountry "GER"]
[SourceTitle "EXT 2016"]
[Source "ChessBase"]
[SourceDate "2015.10.08"]
[SourceVersion "1"]
[SourceVersionDate "2015.10.08"]
[SourceQuality "1"]
[WhiteTeam "Gelnhausen"]
[BlackTeam "Dotzheim"]
[WhiteTeamCountry "GER"]
[BlackTeamCountry "GER"]

1. Nf3 e6 2. d4 f5 3. Bf4 Nf6 4. Nbd2 b6 5. e3 Bb7 6. Bd3 Be7 7. Qe2 Ne4 8. Bxe4 fxe4 9. Ng5 Bxg5 10. Qh5+ g6 11. Qxg5 Qxg5 12. Bxg5 h6 13. Bf4 d6 14. h4 Nd7 15. a4 a5 16. 0-0-0 Nf6 17. c4 Nh5 18. Bh2 0-0-0 19. f3 exf3 20. gxf3 Rdf8 21. Rdf1 g5 22. hxg5 hxg5 23. Rhg1 Nf6 24. Bg3 Rh3 25. e4 Rg8 26. Be1 g4 27. d5 exd5 28. exd5 g3 29. Rg2 Nh5 30. f4 c6 31. Ne4 Kc7 32. Ng5 Rh2 33. Ne6+ Kd7 34. Rxh2 gxh2 35. Rh1 Rg2 36. Ng5 Nxf4 37. Nf3 cxd5 38. Bc3 dxc4 0-1

[Event "Gelsenkirchen Silvester op 2nd"]
[Site "Gelsenkirchen"]
[Date "2014.12.27"]
[Round "1"]
[White "Thierkopf, Constantin"]
[Black "Meyer, Stefan"]
[Result "0-1"]
[WhiteElo "1508"]
[BlackElo "1775"]
[PlyCount "96"]
[EventDate "2014.12.27"]
[EventType "swiss"]
[EventRounds "5"]
[EventCountry "GER"]
[SourceTitle "EXT 2019"]
[Source "ChessBase"]
[SourceDate "2018.10.10"]
[SourceVersion "1"]
[SourceVersionDate "2018.10.10"]
[SourceQuality "1"]

1. e4 Nf6 2. Nc3 e5 3. Nf3 Nc6 4. Bb5 d6 5. d3 Bd7 6. 0-0 Be7 7. Be3 0-0 8. Re1 Ng4 9. Nd5 Nxe3 10. fxe3 f5 11. Bc4 Kh8 12. exf5 Bxf5 13. Rf1 Na5 14. Bb3 Nxb3 15. axb3 Bg4 16. Ra4 Bh5 17. Qe1 c6 18. Nxe7 Qxe7 19. Rh4 Bxf3 20. gxf3 Rf5 21. Qg3 Raf8 22. Qh3 h6 23. Rg4 Qf6 24. Rg3 Qf7 25. Kf2 Rh5 26. Qg2 Qf6 27. Ke2 Rf7 28. Rg6 Rxh2 29. Qxh2 Qxg6 30. Rg1 Qf5 31. Qg3 Kh7 32. Ra1 a6 33. Ra4 Rf6 34. Rb4 b5 35. Rg4 g5 36. Qh3 Kg6 37. Qh1 h5 38. Rg3 Kh6 39. Rh3 g4 40. fxg4 Qxg4+ 41. Rf3 Kg5 42. c3 h4 43. b4 d5 44. Kf2 Qxf3+ 45. Qxf3 Rxf3+ 46. Kxf3 e4+ 47. dxe4 dxe4+ 48. Kxe4 Kg4 0-1

[Event "Hessenliga 1415"]
[Site "Hessen"]
[Date "2014.12.14"]
[Round "4.2"]
[White "Meyer, Stefan"]
[Black "Rosenberger, Berthold"]
[Result "0-1"]
[WhiteElo "2093"]
[BlackElo "2217"]
[PlyCount "68"]
[EventDate "2014.09.28"]
[EventType "team-tourn"]
[EventRounds "9"]
[EventCountry "GER"]
[SourceTitle "EXT 2016"]
[Source "ChessBase"]
[SourceDate "2015.10.08"]
[SourceVersion "1"]
[SourceVersionDate "2015.10.08"]
[SourceQuality "1"]
[WhiteTeam "Dotzheim"]
[BlackTeam "Dettingen"]
[WhiteTeamCountry "GER"]
[BlackTeamCountry "GER"]

1. e4 c5 2. Nf3 d6 3. g3 Nc6 4. Bg2 g6 5. 0-0 Bg7 6. d3 e6 7. c3 Nge7 8. Be3 0-0 9. Qd2 b6 10. Bh6 d5 11. Bxg7 Kxg7 12. e5 d4 13. c4 Rb8 14. Na3 a6 15. h4 h6 16. Rae1 Bd7 17. Nc2 b5 18. cxb5 axb5 19. b4 Ra8 20. a3 cxb4 21. axb4 Ra2 22. Ra1 Rxa1 23. Rxa1 Qb6 24. Re1 Nd5 25. Re4 Ra8 26. Ncxd4 Ra1+ 27. Kh2 Ncxb4 28. h5 Ra2 29. Qc1 Nxd3 30. Qb1 N5b4 31. hxg6 fxg6 32. Rh4 Rxf2 33. Qh1 Qc5 34. Kh3 Rxf3 0-1

[Event "Blankenburg op-A 19th"]
[Site "Blankenburg"]
[Date "2014.10.03"]
[Round "3"]
[White "Frotscher, Thomas"]
[Black "Meyer, Stefan"]
[Result "1/2-1/2"]
[WhiteElo "2128"]
[BlackElo "2093"]
[PlyCount "32"]
[EventDate "2014.10.02"]
[EventType "swiss"]
[EventRounds "7"]
[EventCountry "GER"]
[SourceTitle "EXT 2023"]
[Source "ChessBase"]
[SourceDate "2022.10.05"]
[SourceVersion "1"]
[SourceVersionDate "2022.10.05"]
[SourceQuality "1"]

1. c4 f5 2. e4 fxe4 3. d3 Nf6 4. dxe4 e5 5. Bd3 Bb4+ 6. Bd2 Bxd2+ 7. Qxd2 d6 8. h3 Nbd7 9. Nf3 0-0 10. Nc3 Nc5 11. 0-0 Nh5 12. Be2 Nf4 13. b4 Nce6 14. Nd5 Ng5 15. Nxg5 Qxg5 16. Nxf4 Qxf4 1/2-1/2

[Event "Blankenburg op-A 19th"]
[Site "Blankenburg"]
[Date "2014.10.02"]
[Round "2"]
[White "Meyer, Stefan"]
[Black "Schuetze, Norman"]
[Result "1/2-1/2"]
[WhiteElo "2093"]
[BlackElo "2277"]
[PlyCount "44"]
[EventDate "2014.10.02"]
[EventType "swiss"]
[EventRounds "7"]
[EventCountry "GER"]
[SourceTitle "EXT 2023"]
[Source "ChessBase"]
[SourceDate "2022.10.05"]
[SourceVersion "1"]
[SourceVersionDate "2022.10.05"]
[SourceQuality "1"]

1. e4 c5 2. Nf3 d6 3. g3 Nc6 4. Bg2 e5 5. 0-0 g6 6. d3 Bg7 7. Nc3 Nge7 8. Nd2 0-0 9. Nc4 Be6 10. Nd5 Rc8 11. a4 Qd7 12. c3 f5 13. a5 Bf7 14. Qa4 Rfd8 15. Bg5 Qe6 16. Qb5 Rb8 17. Nce3 fxe4 18. dxe4 h6 19. Bxe7 Nxe7 20. Rfd1 Kh7 21. Nxe7 Qxe7 22. Nd5 Qf8 1/2-1/2

[Event "Frankfurt-chA"]
[Site "Frankfurt"]
[Date "2014.06.02"]
[Round "6"]
[White "Meyer, Stefan"]
[Black "Zimmermann, Hendrik"]
[Result "1-0"]
[WhiteElo "2013"]
[BlackElo "2173"]
[PlyCount "65"]
[EventDate "2014.04.28"]
[EventType "swiss"]
[EventRounds "7"]
[EventCountry "GER"]
[SourceTitle "EXT 2015"]
[Source "ChessBase"]
[SourceDate "2014.11.20"]
[SourceVersion "1"]
[SourceVersionDate "2014.11.20"]
[SourceQuality "1"]

1. e4 c5 2. Nf3 d6 3. d3 Nc6 4. g3 g6 5. Bg2 Bg7 6. 0-0 e5 7. Nc3 Nge7 8. Nd2 0-0 9. Nc4 Be6 10. Nd5 b5 11. Nce3 Qd7 12. a4 b4 13. Nc4 Rae8 14. a5 f5 15. c3 Bf7 16. Qa4 bxc3 17. bxc3 Rd8 18. Bg5 Qe6 19. Rab1 h6 20. Bxe7 Nxe7 21. Rb7 Nc8 22. Rfb1 f4 23. Rc7 Be8 24. Qd1 Rf7 25. Rbb7 fxg3 26. hxg3 Rdd7 27. a6 Ne7 28. Rxd7 Bxd7 29. Nxe7+ Qxe7 30. Rxa7 Qf6 31. Qd2 Bf8 32. Qb2 Qd8 33. Rb7 1-0

[Event "Gelsenkirchen Silvester op 1st"]
[Site "Gelsenkirchen"]
[Date "2013.12.27"]
[Round "1"]
[White "Meyer, Stefan"]
[Black "Lotzien, Hans"]
[Result "0-1"]
[WhiteElo "1748"]
[BlackElo "2152"]
[PlyCount "64"]
[EventDate "2013.12.27"]
[EventType "swiss"]
[EventRounds "5"]
[EventCountry "GER"]
[SourceTitle "EXT 2019"]
[Source "ChessBase"]
[SourceDate "2018.10.10"]
[SourceVersion "1"]
[SourceVersionDate "2018.10.10"]
[SourceQuality "1"]

1. d4 d5 2. c4 c6 3. Nc3 Nf6 4. e3 Bf5 5. Qb3 Qb6 6. Qxb6 axb6 7. cxd5 Nxd5 8. Nxd5 cxd5 9. Bb5+ Bd7 10. Bxd7+ Nxd7 11. Nf3 e6 12. Bd2 Bd6 13. Ke2 Ke7 14. Rhc1 b5 15. a3 Ra6 16. Bb4 f6 17. Bxd6+ Kxd6 18. Ne1 Rc6 19. Nd3 Rhc8 20. Rxc6+ bxc6 21. Rc1 e5 22. dxe5+ fxe5 23. f3 c5 24. b3 Ra8 25. Ra1 Nb6 26. Ra2 c4 27. bxc4 Nxc4 28. f4 e4 29. Nb2 Nxa3 30. Nd1 b4 31. Rb2 Kc5 32. Nf2 Nc4 0-1

[Event "Hessenliga 1314"]
[Site "Germany"]
[Date "2013.10.20"]
[Round "2.2"]
[White "Meyer, Stefan"]
[Black "Fromme, Ernst"]
[Result "1-0"]
[WhiteElo "2133"]
[BlackElo "2142"]
[PlyCount "80"]
[EventDate "2013.09.29"]
[EventType "team-tourn"]
[EventRounds "9"]
[EventCountry "GER"]
[SourceTitle "EXT 2015"]
[Source "ChessBase"]
[SourceDate "2014.11.20"]
[SourceVersion "1"]
[SourceVersionDate "2014.11.20"]
[SourceQuality "1"]
[WhiteTeam "Dotzheim"]
[BlackTeam "Bad Nauheim"]
[WhiteTeamCountry "GER"]
[BlackTeamCountry "GER"]

1. c4 Nf6 2. g3 c6 3. Nf3 d5 4. Qc2 g6 5. Bg2 Bg7 6. 0-0 0-0 7. d3 dxc4 8. Qxc4 Nbd7 9. Nc3 Nb6 10. Qh4 Nbd5 11. Bh6 Nxc3 12. bxc3 Re8 13. Bxg7 Kxg7 14. Qf4 Nd5 15. Qd4+ f6 16. c4 e5 17. Qb2 Qb6 18. Rfb1 Qxb2 19. Rxb2 Ne7 20. Nd2 b6 21. a4 Rb8 22. Rab1 Bd7 23. a5 b5 24. Ne4 a6 25. Nc5 Bc8 26. e3 Kf7 27. f4 exf4 28. gxf4 Ra8 29. cxb5 axb5 30. Rxb5 Ra7 31. R5b4 Rxa5 32. Rc1 Ra7 33. e4 Rd8 34. Rc2 Bd7 35. Kf2 h5 36. Ke3 Bc8 37. Rb8 Rc7 38. Rcb2 Rd6 39. Ra2 Be6 40. Raa8 Rc8 1-0

[Event "Cologne Longerich op-A 10th"]
[Site "Cologne"]
[Date "2013.07.22"]
[Round "5"]
[White "Meyer, Stefan"]
[Black "Suess, Stefan"]
[Result "1/2-1/2"]
[WhiteElo "1754"]
[BlackElo "1822"]
[PlyCount "45"]
[EventDate "2013.07.19"]
[EventType "tourn"]
[EventRounds "5"]
[EventCountry "GER"]
[SourceTitle "EXT 2017"]
[Source "ChessBase"]
[SourceDate "2016.10.25"]
[SourceVersion "1"]
[SourceVersionDate "2016.10.25"]
[SourceQuality "1"]

1. d4 g6 2. c4 Bg7 3. Nc3 Nf6 4. e4 d6 5. f4 0-0 6. Nf3 c5 7. d5 Bg4 8. Be2 Bxf3 9. Bxf3 Nbd7 10. 0-0 Ne8 11. Qc2 Bd4+ 12. Kh1 Nc7 13. Ne2 Bg7 14. Rb1 b5 15. b3 Rb8 16. Bb2 Rb6 17. Bxg7 Kxg7 18. Nc3 b4 19. Na4 Rb8 20. Nb2 a5 21. Nd3 f6 22. Rbe1 e5 23. Qf2 1/2-1/2

[Event "Cologne Longerich op-A 10th"]
[Site "Cologne"]
[Date "2013.07.20"]
[Round "3"]
[White "Brecker, Hans Joerg"]
[Black "Meyer, Stefan"]
[Result "1-0"]
[WhiteElo "1963"]
[BlackElo "1754"]
[PlyCount "55"]
[EventDate "2013.07.19"]
[EventType "tourn"]
[EventRounds "5"]
[EventCountry "GER"]
[SourceTitle "EXT 2017"]
[Source "ChessBase"]
[SourceDate "2016.10.25"]
[SourceVersion "1"]
[SourceVersionDate "2016.10.25"]
[SourceQuality "1"]

1. d4 Nf6 2. c4 Nc6 3. Nf3 e6 4. Bf4 Bb4+ 5. Nbd2 0-0 6. e3 d5 7. a3 Bd6 8. Bg5 h6 9. Bh4 Be7 10. h3 Ne4 11. Bxe7 Qxe7 12. Qc2 Nxd2 13. Nxd2 Rd8 14. Bd3 e5 15. cxd5 Rxd5 16. Be4 Rd6 17. Nc4 Rf6 18. d5 Nb8 19. 0-0 Nd7 20. b4 Nb6 21. Rac1 Bf5 22. Bxf5 Nxc4 23. Qxc4 Rxf5 24. Qxc7 Qxc7 25. Rxc7 b6 26. d6 Rd8 27. d7 Kh7 28. Rd1 1-0

[Event "Cologne Longerich op-A 10th"]
[Site "Cologne"]
[Date "2013.07.19"]
[Round "1"]
[White "Meyer, Stefan"]
[Black "Leontiev, Oleg"]
[Result "0-1"]
[WhiteElo "1754"]
[BlackElo "1892"]
[PlyCount "78"]
[EventDate "2013.07.19"]
[EventType "tourn"]
[EventRounds "5"]
[EventCountry "GER"]
[SourceTitle "EXT 2017"]
[Source "ChessBase"]
[SourceDate "2016.10.25"]
[SourceVersion "1"]
[SourceVersionDate "2016.10.25"]
[SourceQuality "1"]

1. d4 Nf6 2. c4 g6 3. Nc3 d5 4. cxd5 Nxd5 5. e4 Nxc3 6. bxc3 Bg7 7. Nf3 c5 8. Rb1 0-0 9. Be2 Nc6 10. d5 Ne5 11. Nxe5 Bxe5 12. Qd2 Qa5 13. Rb3 e6 14. f4 Bg7 15. d6 Bd7 16. e5 Bc6 17. 0-0 b5 18. c4 Qxd2 19. Bxd2 b4 20. Bf3 Rac8 21. Bxc6 Rxc6 22. Bc1 Rd8 23. Bb2 Kf8 24. g4 Ke8 25. f5 a5 26. fxe6 fxe6 27. h4 h6 28. Rbf3 Rd7 29. Kg2 a4 30. Kf2 a3 31. Bc1 Bxe5 32. Bxh6 Bxd6 33. Ke2 Rh7 34. Bg5 Be7 35. Bxe7 Kxe7 36. Rf6 Rxh4 37. Rxg6 Rh2+ 38. Rf2 Rxf2+ 39. Kxf2 Rd6 0-1